Партньори [видео DVD] (Запис номер 223399)
[ съкратено ]
| 000 -Лидер | |
|---|---|
| Контролно поле с фиксирана дължина | 01282ngm a2200313 a 4500 |
| 003 - Код на организацията, давaща контролен номер | |
| Контролно поле | BLK |
| 005 - Дата и час на последна редакция | |
| Контролно поле | 20240529090451.0 |
| 008 - Елементи от данни с фиксирана дължина | |
| fixed length control field | 180410b bul||n||s|||||||| m|bulo| |
| 010 ## - Наследен системен номер | |
| LC control number | CDD00005126000 |
| 040 ## - Източник на каталожния запис | |
| Идентификатор на билиотеката - собственик на записа | BLK |
| 041 ## - Код за език | |
| Код за езика на текст/звукозапис или на отделно заглавие | Български |
| Код за езика КДБФ | Български |
| 072 #7 - Код за тематичната категория | |
| Код организация | bullib |
| Код за тематична категория | Ф0601 |
| Текст | Игрални филми Ф |
| 080 ## - УДК | |
| Текстов определител УДК | Художествени филмови жанрове |
| УДК код - определител по УДК | 791.221/.228 |
| УДК - код + определител | 791.221/.228 |
| 139 ## - Редно поле | |
| Редна дума | Партньори [видео DVD] |
| Авторски знак | Парт - П 23 |
| 245 10 - Сведения за заглавието | |
| Заглавие | Партньори [видео DVD] |
| Редно поле (дума) | в ролите Уилям Хърт. |
| 257 ## - Страна на издаване | |
| Страна на създаване/издаване | Великобритания |
| 260 ## - Област на издателските данни | |
| Място на издаване, разпространение и проч. | София |
| Име на издателя, разпространителя и проч. | Тандем видео |
| Година на издаване | 2008 |
| 300 ## - Физическа характеристика | |
| Страници | (4,25 GB)(101 мин.) |
| Илюстрации и др. | зв. ; цв. |
| Размери/Мащаб | 12 см |
| 380 ## - Жанр | |
| Жанр | Изкуство |
| 500 ## - Общи забележки | |
| Забележка | Ориг. загл. Second Best. - Дигитално изд. - Системни изисквания : DVD ; Windows Media Player. - Формат на картина 4:3 PAL. - Съдържа и за филма ; Субтитри на бълг. ез. МК 53441-7/17.06.2008. |
| 700 1# - Други автори (авторска отговорност) | |
| Лично име | Хърт, Уилям |
| Автороска отговорност (Описва отношението между автора и произведението) | в ролите |
| 9 (RLIN) | 138796 |
| 852 ## - Местоположение | |
| Форматна сигнатура | Цб CD 2964 |
| Част | 0 |
| 856 4# - Електронен адрес и достъп | |
| Електронен формат | pdf - файл |
| Път до файла /url/ | |
| 856 4# - Електронен адрес и достъп | |
| Електронен формат | pdf - файл |
| Път до файла /url/ | |
| 942 ## - АРТИКУЛИ | |
| Вид на библиотечния материал | Компактдискове |
| Скрит в OPAC | Не |
| 944 ## - СЪЗДАВАНЕ И РЕДАКЦИЯ на ЗАПИСА | |
| Създаване/Редакция | Създаване |
| Дата на регистрацията/редакция | 30.09.2011 |
| Служител, извършил регистрацията/редакцията | 30553 |
| Статус, дата на статуса | Иваничка Йорданова |
| 944 ## - СЪЗДАВАНЕ И РЕДАКЦИЯ на ЗАПИСА | |
| Създаване/Редакция | Редакция |
| Дата на регистрацията/редакция | 07.10.2011 |
| 999 ## - СИСТЕМНИ КОНТРОЛНИ НОМЕРА | |
| Koha biblionumber | 223399 |
| Koha biblioitemnumber | 223399 |
| 999 ## - СИСТЕМНИ КОНТРОЛНИ НОМЕРА | |
| Koha biblioitemnumber | 223399 |
| Код за отписване | Код за изгубен артикул | Източник на класификационната схема | Код за повреда | Коз за рестрикции | Код за отдаване | Артикулен № | Име на библиотеката - собственик | Име на библиотеката, в която се намира в момента | Статус (Текущо местоположение) | Дата на вписване в системата | Местоположение - отдел | Цена в лева | Инвентарен номер | Систематично азбучна сигнатура | Баркод | Номер на екземпляра | Цена в евро | Служебна бележка | Служебен тип на артикула |
|---|---|---|---|---|---|---|---|---|---|---|---|---|---|---|---|---|---|---|---|
| Не е изгубен | Universal Decimal Classification | Не е повреден | без рестрикции | заемане за дома | 395420 | Регионална библиотека "Любен Каравелов" Русе | Регионална библиотека "Любен Каравелов" Русе | Отдел Изкуство - подръчен фонд | 2011-09-30 | Отдел Изкуство - подръчен фонд | 3.00 | 250000004681 | 791.221/.228/П 23 | 250000004681 | 1 | 1.53 | Дост: Pk Вид: Ф N: 1999 Дата: 16.09.2011 Съставил: Валя_Йорданова | Компактдискове |